00724nam a2200181 a 450000100100000000500170001000800410002702000180006804000250008608200160011110000240012724501860015126000500033730000270038750000720041450400300048670000260051600004844420201002061146.0190320s2017 dr a r 000 0 spa d a9789945088090 aDO-SdBNPbspacBNPHU axxxxbC343r1 aCassá, Constancio10aReconocimiento de las zonas aledañas a El Limoncito, y un tratado sobre la evolución territorial y fundación del pueblo de Constanza /cConstancio Cassa, Bernaldo de Quirós. aSanto Domingo :bOfigrafis del Caribe,c2017. a74 p. :bil. ;c23 cm. aIncluye referencias bibligráficas y notas al pie de las páginas aBibliografía : p. 73-741 aQuirós, Bernaldo de